Ten Most Visited Monuments In The World - Statistics

General Stats
  • This quiz has been taken 158 times
  • The average score is 7 of 10
Answer Stats
Visitors Per Year Location Monuments % Correct
6.7 million Paris, France Eiffel Tower
97%
2.5 million Agra, India Taj Mahal
86%
5.11 million Rome, Italy Colosseum
82%
9 million China Great Wall of China
82%
7.4 million Sydney, Australia Sydney Opera House
80%
4.24 million NYC, USA Statue of Liberty
79%
3 million Cairo, Egypt Pyramids of Giza
46%
6 million Washington D.C., USA Lincoln Memorial
44%
12 million Paris, France Notre-Dame de Paris
40%
3.2 million Granada, Spain Alhambra
38%
No matching quizzes found
Score Distribution
Percent of People with Each Score
Percentile by Number Answered
Your Score History
You have not taken this quiz